[Event "Saratov-ch"]
[Site "Saratov"]
[Date "2009.03.06"]
[Round "8"]
[White "Kabulov, Kamil"]
[Black "Brekhov, Denis"]
[Result "1-0"]
[WhiteElo "2009"]
[BlackElo "2015"]
[PlyCount "81"]
[EventDate "2009.02.26"]
[EventType "swiss"]
[EventRounds "9"]
[EventCountry "RUS"]
[SourceTitle "CBM 129 Extra"]
[Source "ChessBase"]
[SourceDate "2009.05.05"]
[SourceVersion "2"]
[SourceVersionDate "2009.05.20"]
[SourceQuality "1"]

1. e4 c5 2. Nf3 d6 3. d3 Nc6 4. g3 g6 5. Bg2 Bg7 6. c3 e5 7. Be3 Nge7 8. Qd2 0-0 9. Bh6 f6 10. h4 Be6 11. h5 Bxh6 12. Qxh6 g5 13. Nxg5 fxg5 14. Qxe6+ Kh8 15. Nd2 Ng8 16. Nf3 h6 17. 0-0 Rf6 18. Qb3 Qe8 19. d4 cxd4 20. cxd4 g4 21. Nh4 Nxd4 22. Qxb7 Rb8 23. Qxa7 Ra8 24. Qc7 Rc8 25. Qa5 Qxh5 26. Rad1 Ne2+ 27. Kh2 Rcf8 28. Qe1 Nf4 29. Rd2 Ng6 30. Rh1 Nxh4 31. Kg1 Nxg2 32. Kxg2 Qf7 33. b4 Ra8 34. Qe2 Ne7 35. b5 d5 36. exd5 Nxd5 37. Qxe5 Re8 38. Rxh6+ Kg7 39. Qg5+ Rg6 40. Rxg6+ Qxg6 41. Rxd5 1-0

[Event "Saratov-ch"]
[Site "Saratov"]
[Date "2009.03.04"]
[Round "6"]
[White "Kabulov, Kamil"]
[Black "Muslimov, Evgeny"]
[Result "1-0"]
[WhiteElo "2009"]
[BlackElo "2130"]
[PlyCount "105"]
[EventDate "2009.02.26"]
[EventType "swiss"]
[EventRounds "9"]
[EventCountry "RUS"]
[SourceTitle "CBM 129 Extra"]
[Source "ChessBase"]
[SourceDate "2009.05.05"]
[SourceVersion "2"]
[SourceVersionDate "2009.05.20"]
[SourceQuality "1"]

1. e4 c5 2. Nf3 e6 3. d3 Nc6 4. g3 d5 5. Nbd2 g6 6. Bg2 Bg7 7. 0-0 Nge7 8. exd5 exd5 9. Nb3 b6 10. c3 0-0 11. Bg5 h6 12. Bf4 Bf5 13. Re1 g5 14. Bc1 Qd7 15. d4 c4 16. Nbd2 Ng6 17. Nf1 Be4 18. h3 f6 19. N1d2 Bf5 20. Kh2 b5 21. a3 Rfe8 22. Nf1 Na5 23. Rxe8+ Rxe8 24. N3d2 Nc6 25. Ne3 Be6 26. Qf3 Nce7 27. Ndf1 f5 28. Bd2 f4 29. gxf4 Nxf4 30. Ng4 Rf8 31. Bxf4 Rxf4 32. Qe2 Ng6 33. Re1 Bf7 34. Ng3 Nh4 35. Bh1 Qd6 36. Kg1 Kh7 37. Qd1 Qd7 38. Bg2 Nxg2 39. Kxg2 a5 40. Re3 b4 41. axb4 axb4 42. Qe2 bxc3 43. bxc3 Qd6 44. Ne5 Bg6 45. Nxg6 Qxg6 46. Nh5 Re4 47. Rxe4 dxe4 48. Ng3 Qa6 49. Qxe4+ Kh8 50. Qd5 Qa2 51. Nf5 Qe2 52. Qa8+ Kh7 53. Qb7 1-0

[Event "Saratov op"]
[Site "Saratov"]
[Date "2008.12.19"]
[Round "7"]
[White "Kabulov, Kamil"]
[Black "Tolkanitsa, Vladimir"]
[Result "1-0"]
[WhiteElo "2009"]
[BlackElo "1908"]
[PlyCount "93"]
[EventDate "2008.12.13"]
[EventType "swiss"]
[EventRounds "9"]
[EventCountry "RUS"]
[SourceTitle "EXT 2010"]
[Source "ChessBase"]
[SourceDate "2010.11.25"]
[SourceVersion "1"]
[SourceVersionDate "2010.11.25"]
[SourceQuality "1"]

1. e4 d6 2. d4 g6 3. Be3 Nf6 4. Nc3 Bg7 5. f3 c6 6. Qd2 h6 7. 0-0-0 b5 8. Qe1 Qa5 9. a3 0-0 10. g4 Nbd7 11. h4 h5 12. Bg5 e5 13. dxe5 dxe5 14. gxh5 Nxh5 15. Nge2 Ndf6 16. Bd2 Qc7 17. Ng3 a5 18. Nce2 b4 19. a4 Rd8 20. Nxh5 Nxh5 21. Ng3 Nf4 22. Bc4 Be6 23. Bxe6 Nxe6 24. h5 Nf4 25. hxg6 fxg6 26. Ne2 Qf7 27. Kb1 Qf6 28. Qf2 c5 29. Bc1 c4 30. Qh2 Nxe2 31. Qxe2 Qc6 32. b3 c3 33. Bg5 Rd4 34. Be3 Rdd8 35. Qh2 Rxd1+ 36. Rxd1 Qc7 37. Qh3 Re8 38. Rd7 Qc8 39. Qg4 Rd8 40. Rd5 Re8 41. Qxg6 Qe6 42. Qg3 Re7 43. Rxa5 Rd7 44. Qg1 Kf7 45. Rb5 Qg6 46. Qf1 Qg3 47. Rxb4 1-0

[Event "Saratov op"]
[Site "Saratov"]
[Date "2008.12.17"]
[Round "5"]
[White "Kabulov, Kamil"]
[Black "Podlipalin, Vladimir"]
[Result "0-1"]
[WhiteElo "2009"]
[BlackElo "2163"]
[PlyCount "62"]
[EventDate "2008.12.13"]
[EventType "swiss"]
[EventRounds "9"]
[EventCountry "RUS"]
[SourceTitle "EXT 2010"]
[Source "ChessBase"]
[SourceDate "2010.11.25"]
[SourceVersion "1"]
[SourceVersionDate "2010.11.25"]
[SourceQuality "1"]

1. e4 c6 2. d4 d5 3. exd5 cxd5 4. Bd3 Nc6 5. c3 Qc7 6. Ne2 Bg4 7. f3 Bh5 8. Bf4 Qd7 9. Na3 e6 10. Qa4 Bg6 11. 0-0-0 Bxd3 12. Rxd3 Bd6 13. Rdd1 Nge7 14. Nc2 a6 15. Bxd6 Qxd6 16. Kb1 0-0 17. c4 b5 18. c5 bxa4 19. cxd6 Nf5 20. Nc3 a3 21. b3 Rfb8 22. g4 Nxd6 23. Nxa3 Na5 24. Ka1 Nxb3+ 25. axb3 Rxb3 26. Nab1 Nc4 27. Rhe1 g5 28. Rd3 Rab8 29. f4 gxf4 30. Rf3 Na3 31. Rc1 Nxb1 0-1

[Event "Saratov op"]
[Site "Saratov"]
[Date "2008.12.14"]
[Round "2"]
[White "Lamikhov, Jury"]
[Black "Kabulov, Kamil"]
[Result "0-1"]
[WhiteElo "1831"]
[BlackElo "2009"]
[PlyCount "98"]
[EventDate "2008.12.13"]
[EventType "swiss"]
[EventRounds "9"]
[EventCountry "RUS"]
[SourceTitle "EXT 2010"]
[Source "ChessBase"]
[SourceDate "2010.11.25"]
[SourceVersion "1"]
[SourceVersionDate "2010.11.25"]
[SourceQuality "1"]

1. d4 e6 2. e4 d5 3. exd5 exd5 4. Bd3 Bd6 5. Nf3 Ne7 6. 0-0 Nbc6 7. h3 0-0 8. Nc3 a6 9. a3 Bd7 10. Ne2 Bf5 11. Bf4 f6 12. c3 Bxd3 13. Qxd3 Bxf4 14. Nxf4 Qd6 15. Qe3 Kh8 16. Nd3 b6 17. Qf4 Qd7 18. Rfe1 Rae8 19. Nb4 a5 20. Nxc6 Qxc6 21. Qd2 a4 22. Re2 Nf5 23. Rxe8 Rxe8 24. Re1 Re4 25. Qc1 Qe8 26. Rxe4 dxe4 27. Qe1 Qe7 28. Nd2 Nd6 29. c4 f5 30. Qe2 Qe6 31. c5 bxc5 32. dxc5 Nf7 33. Qc4 Qe8 34. Qd4 Qb5 35. Nc4 Qc6 36. Ne5 Nxe5 37. Qxe5 Qd7 38. h4 Qf7 39. c6 Kg8 40. Qd4 Qf6 41. Qxf6 gxf6 42. Kh2 f4 43. h5 Kg7 44. Kg1 Kf7 45. Kf1 Ke6 46. Ke2 Kd5 47. g3 fxg3 48. fxg3 Kxc6 49. Ke3 Kd5 0-1

[Event "Saratov region op"]
[Site "Saratov"]
[Date "2008.06.07"]
[Round "9"]
[White "Kabulov, Kamil"]
[Black "Raisov, Idris"]
[Result "0-1"]
[WhiteElo "2007"]
[BlackElo "2068"]
[PlyCount "52"]
[EventDate "2008.05.30"]
[EventType "swiss"]
[EventRounds "9"]
[EventCountry "RUS"]
[SourceTitle "CBM 124 Extra"]
[Source "ChessBase"]
[SourceDate "2008.07.03"]
[SourceVersion "1"]
[SourceVersionDate "2008.07.03"]
[SourceQuality "1"]

1. d4 Nf6 2. c4 e6 3. g3 Bb4+ 4. Bd2 Qe7 5. Bg2 Bxd2+ 6. Nxd2 d6 7. Qb3 Nbd7 8. e3 0-0 9. Ne2 e5 10. 0-0 c6 11. Nc3 Re8 12. Qc2 Nf8 13. b4 Bd7 14. a4 Rab8 15. Rfd1 Bg4 16. Rdc1 exd4 17. exd4 Ne6 18. Nb3 Ng5 19. b5 Bf3 20. Qd3 Bxg2 21. Kxg2 Qe6 22. f4 Qh3+ 23. Kg1 Ng4 24. Ra2 Re3 25. Qxe3 Nxe3 26. fxg5 Nxc4 0-1

[Event "Saratov region op"]
[Site "Saratov"]
[Date "2008.06.05"]
[Round "7"]
[White "Kabulov, Kamil"]
[Black "Sudnik, Pavel"]
[Result "1/2-1/2"]
[WhiteElo "2007"]
[BlackElo "2161"]
[PlyCount "46"]
[EventDate "2008.05.30"]
[EventType "swiss"]
[EventRounds "9"]
[EventCountry "RUS"]
[SourceTitle "CBM 124 Extra"]
[Source "ChessBase"]
[SourceDate "2008.07.03"]
[SourceVersion "1"]
[SourceVersionDate "2008.07.03"]
[SourceQuality "1"]

1. d4 e6 2. c4 b6 3. Nc3 Bb7 4. Bf4 Nf6 5. Nf3 Bb4 6. e3 Ne4 7. Rc1 g5 8. Be5 f6 9. Bg3 h5 10. h3 Nxg3 11. fxg3 Bd6 12. Kf2 h4 13. gxh4 gxh4 14. Qd3 Bg3+ 15. Ke2 f5 16. d5 Qf6 17. a3 a5 18. Kd1 Na6 19. Qd4 e5 20. Qd2 Nc5 21. Kc2 a4 22. Rd1 d6 23. Kb1 Kd7 1/2-1/2

[Event "PriFR-ch U18"]
[Site "Gorodets"]
[Date "2007.11.??"]
[Round "3"]
[White "Romashkov, Alexandr"]
[Black "Kabulov, Kamil"]
[Result "0-1"]
[WhiteElo "1954"]
[BlackElo "1980"]
[PlyCount "60"]
[EventDate "2007.11.02"]
[EventType "swiss"]
[EventRounds "9"]
[EventCountry "RUS"]
[SourceTitle "EXT 2022"]
[Source "ChessBase"]
[SourceDate "2021.10.06"]
[SourceVersion "1"]
[SourceVersionDate "2021.10.06"]
[SourceQuality "1"]

1. d4 e6 2. c4 f5 3. Nc3 Nf6 4. Nf3 c6 5. Bf4 d5 6. e3 Be7 7. Bd3 0-0 8. Ne5 Nbd7 9. g4 Nxe5 10. dxe5 Ne4 11. Bxe4 fxe4 12. Qb3 Bg5 13. Bg3 Bh4 14. Rd1 Bxg3 15. hxg3 Qg5 16. cxd5 cxd5 17. Nxd5 exd5 18. Qxd5+ Kh8 19. Qxe4 g6 20. Rh4 Re8 21. f4 Qe7 22. Qxg6 Rg8 23. Qh5 Be6 24. b3 Rgd8 25. g5 Bf5 26. g6 Rxd1+ 27. Kxd1 Rd8+ 28. Ke1 Bxg6 29. Qf3 Qb4+ 30. Kf1 Be4 0-1

[Event "PriFR-ch U18"]
[Site "Gorodets"]
[Date "2007.11.??"]
[Round "1"]
[White "Sharafiev, Azat"]
[Black "Kabulov, Kamil"]
[Result "1-0"]
[WhiteElo "2320"]
[BlackElo "1980"]
[PlyCount "59"]
[EventDate "2007.11.02"]
[EventType "swiss"]
[EventRounds "9"]
[EventCountry "RUS"]
[SourceTitle "EXT 2022"]
[Source "ChessBase"]
[SourceDate "2021.10.06"]
[SourceVersion "1"]
[SourceVersionDate "2021.10.06"]
[SourceQuality "1"]

1. c4 e6 2. d4 f5 3. Nc3 Nf6 4. Bf4 Bb4 5. e3 0-0 6. Bd3 b6 7. Nge2 Bb7 8. 0-0 Nh5 9. Bg3 Nxg3 10. hxg3 Bxc3 11. Nxc3 Nc6 12. d5 Ne5 13. Be2 Qf6 14. Qa4 exd5 15. cxd5 c6 16. Rad1 Kh8 17. f4 Nf7 18. dxc6 Qxc6 19. Bf3 Qxa4 20. Nxa4 Bc6 21. Nc3 Rae8 22. Kf2 Nh6 23. Rd6 Nf7 24. Rd3 Nh6 25. Rfd1 Ng8 26. g4 fxg4 27. Bxg4 Nf6 28. Bf3 Re7 29. Rd6 Rfe8 30. R1d3 1-0

[Event "Saratov Aratovsky Memorial 6th"]
[Site "Saratov"]
[Date "2006.12.03"]
[Round "7"]
[White "Kabulov, Kamil"]
[Black "Fedorchuk, Denis"]
[Result "1-0"]
[WhiteElo "1902"]
[BlackElo "2145"]
[PlyCount "95"]
[EventDate "2006.11.27"]
[EventType "swiss"]
[EventRounds "9"]
[EventCountry "RUS"]
[SourceTitle "EXT 2008"]
[Source "ChessBase"]
[SourceDate "2007.11.25"]
[SourceVersion "1"]
[SourceVersionDate "2007.11.25"]
[SourceQuality "1"]

1. e4 c5 2. Nf3 d6 3. d3 Nc6 4. g3 g6 5. Bg2 Bg7 6. c3 e6 7. Be3 Nge7 8. h4 h5 9. 0-0 b6 10. d4 Bb7 11. Qa4 0-0 12. Rd1 Qc7 13. Na3 a6 14. dxc5 dxc5 15. Qc2 Rfd8 16. Bf4 e5 17. Be3 Rxd1+ 18. Rxd1 Rd8 19. Re1 Bf6 20. Bf1 Nc8 21. Ng5 Nd6 22. Nc4 b5 23. Nxd6 Qxd6 24. b3 Rd7 25. Be2 Be7 26. f4 Qc7 27. f5 Nd8 28. Rf1 Qc6 29. Bf3 c4 30. fxg6 fxg6 31. b4 Ne6 32. Nh3 Rd3 33. Qf2 Qe8 34. g4 Ng7 35. gxh5 Bc8 36. Kh2 Bxh3 37. Kxh3 gxh5 38. Rg1 Qd7+ 39. Kh2 Bxh4 40. Qe2 Bd8 41. Bxh5 Bb6 42. Bg4 Qd8 43. Be6+ Kh8 44. Qg4 Rd2+ 45. Kh1 Qe7 46. Qh3+ Nh5 47. Qxh5+ Qh7 48. Rg8# 1-0

[Event "Saratov Aratovsky Memorial 6th"]
[Site "Saratov"]
[Date "2006.11.29"]
[Round "3"]
[White "Onoprijchuk, Boris"]
[Black "Kabulov, Kamil"]
[Result "1-0"]
[WhiteElo "2335"]
[BlackElo "1902"]
[PlyCount "63"]
[EventDate "2006.11.27"]
[EventType "swiss"]
[EventRounds "9"]
[EventCountry "RUS"]
[SourceTitle "EXT 2008"]
[Source "ChessBase"]
[SourceDate "2007.11.25"]
[SourceVersion "1"]
[SourceVersionDate "2007.11.25"]
[SourceQuality "1"]

1. e4 e6 2. d4 d5 3. Nc3 Bb4 4. e5 b6 5. a3 Bf8 6. Nf3 Ne7 7. b4 Qd7 8. Bd3 c6 9. Qe2 h5 10. 0-0 Nf5 11. Nd1 g6 12. Bg5 a5 13. Bf6 Rg8 14. Rb1 Qc7 15. Ne3 Nd7 16. Bg5 c5 17. Nxf5 gxf5 18. bxc5 bxc5 19. c4 dxc4 20. Bxc4 cxd4 21. h4 Qa7 22. Rfd1 Bc5 23. Ne1 Ba6 24. Bxa6 Qxa6 25. Nd3 Be7 26. Qxh5 Bxg5 27. hxg5 Ke7 28. Qh4 Kf8 29. Qxd4 Qa7 30. Qd6+ Ke8 31. Nf4 Rxg5 32. Nxe6 1-0

[Event "Saratov Aratovsky Memorial 6th"]
[Site "Saratov"]
[Date "2006.11.28"]
[Round "2"]
[White "Kabulov, Kamil"]
[Black "Rjabzev, Konstantin"]
[Result "1/2-1/2"]
[WhiteElo "1902"]
[BlackElo "2410"]
[PlyCount "132"]
[EventDate "2006.11.27"]
[EventType "swiss"]
[EventRounds "9"]
[EventCountry "RUS"]
[SourceTitle "EXT 2008"]
[Source "ChessBase"]
[SourceDate "2007.11.25"]
[SourceVersion "1"]
[SourceVersionDate "2007.11.25"]
[SourceQuality "1"]

1. Nf3 Nf6 2. b3 d5 3. g3 e6 4. Bg2 Be7 5. Bb2 0-0 6. 0-0 c5 7. c4 d4 8. Re1 Nc6 9. e4 e5 10. d3 a6 11. Na3 Ne8 12. Nd2 Bd6 13. Rf1 Qc7 14. Qe2 g6 15. h4 Ng7 16. Rae1 Bd7 17. Bc1 Rae8 18. Nf3 Nd8 19. Nh2 f5 20. Bh6 Nf7 21. Bxg7 Kxg7 22. Nb1 f4 23. Nd2 h6 24. Kh1 Qc8 25. Bf3 Nd8 26. Bg4 Ne6 27. Rg1 Re7 28. Rg2 Ref7 29. Bxe6 Bxe6 30. gxf4 Rxf4 31. Reg1 R8f6 32. Ng4 Bxg4 33. Rxg4 h5 34. R4g2 Rxh4+ 35. Rh2 Rxh2+ 36. Kxh2 Qf8 37. Rg2 Kh7 38. Kg1 b5 39. Rg3 Rf4 40. Nf3 Kh6 41. Ng5 Qf6 42. Nh3 Rh4 43. Qd2+ Kg7 44. cxb5 axb5 45. Qa5 b4 46. Qa7+ Qe7 47. Qa8 Rg4 48. Qc8 Rxg3+ 49. fxg3 Qf6 50. Kg2 g5 51. g4 hxg4 52. Qxg4 Be7 53. Qd7 Kf7 54. Nf2 Qe6 55. Qxe6+ Kxe6 56. Kf3 Kf7 57. Kg4 Kg6 58. Nh3 Bd8 59. Ng1 Be7 60. Nf3 Bf6 61. Nd2 Bd8 62. Nc4 Bc7 63. a4 bxa3 64. Nxa3 Bd6 65. Nc4 Bc7 66. Nb2 Bb6 1/2-1/2